| 000 | 00986nas a2200301 4500 | ||
|---|---|---|---|
| 001 | BR2016000206 | ||
| 003 | BR-BrBNA | ||
| 005 | 20231205130035.0 | ||
| 007 | ta | ||
| 008 | 230509b bl.|||p| |||| 00| 00por d | ||
| 040 |
_aBR-BrBNA _bpor _cBiblioteca Nacional de Agricultura |
||
| 041 | _a(Pt) | ||
| 072 | _aQ01 | ||
| 100 | 1 | _aTejada, M.A.S. | |
| 100 | 1 | _aSoares, G.J.D. | |
| 245 | 1 | _aInfluência da idade de abate, sexo e músculo na qualidade de gordura de carne de coelho (oryctolagus cuniculus) | |
| 650 | _aCOELHO | ||
| 650 | _aABATE | ||
| 650 | _aCONTROLE DE QUALIDADE | ||
| 650 | _aGORDURA ANIMAL | ||
| 650 | _aMUSCULO | ||
| 650 | _aACIDO GRAXO | ||
| 650 | _aANALISE COMPARATIVA | ||
| 773 | 0 |
_tCurrent Agricultural Science and Technology (Brazil) _xISSN 2317-2436 _g(1995), v. 1(3) p. 137-144 _wBR2016000206 |
|
| 856 | 4 | 0 | _uhttps://periodicos.ufpel.edu.br/ojs2/index.php/CAST/article/view/133 |
| 909 |
_a202311 _bLúcia _c55 _dLúcia Elande |
||
| 942 |
_2AGRIS _n0 _cANA |
||
| 999 |
_c247585 _d247585 |
||